La ville mystère - Europe - Statistiques

Statistiques générales
  • Ce quiz a été pris 258 fois
  • Le résultat moyen est 25 sur 32
Statistiques - réponses
Indices Ville % Correct
Italie - Le Colisée Rome
100%
Grèce - L'Acropole Athènes
98%
Belgique - Le Manneken-Pis Bruxelles
98%
Royaume Uni - Big Ben - Tower Bridge Londres
98%
Pays Bas - Musée Van Gogh Amsterdam
97%
Autriche - Ses valses Vienne
97%
Espagne - La Sagrada Familia Barcelone
96%
Espagne - Musée du Prado Madrid
96%
Russie - Le Kremlin Moscou
96%
Allemagne - La fête de la bière Munich
95%
Allemagne - Musée du mur de Checkpoint Charlie Berlin
94%
Danemark - La petite sirène Copenhague
94%
Portugal - Boisson du même nom Porto
94%
Italie - La place Saint Marc Venise
94%
Hongrie - Palais de Budavaar Budapest
91%
Portugal - le monastère des Hiéronymites Lisbonne
91%
République Tchèque - Horloge astronomique Prague
88%
Suède - Le vélo y est roi Stockholm
88%
Turquie - Le pont du Bosphore Istanbul
84%
Italie - Le Vésuve Naples
83%
Pays Bas - Cour Internationale de Justice La Haye
80%
Italie - Esplanade Michel-Ange Florence
76%
Italie - La plus grande ville de la Sicile Palerme
76%
Pologne - Ancienne capitale Cracovie
71%
Espagne - l'Alhambra Grenade
63%
Belgique - Musée Groeninge Bruges
58%
Croatie - La perle de l'Adriatique Dubrovnik
51%
Suède - Plage de Ribersborg Malmoe
46%
Belgique - Siège du parlement wallon Namur
38%
Royaume Uni - Ville balnéaire réputée Brighton
29%
Portugal - Le parc national Peneda-Gerês Braga
23%
Suisse - Cathédrale San Lorenzo - Son lac Lugano
22%
Aucun quiz correspondant
Distribution des résultats
% des personnes avec chaque résultat
Percentile par nombre de réponses
Votre historique - résultats
Vous n’avez pas pris ce quiz